[Event "GER-chT U18 Girls"]
[Site "Germany"]
[Date "2012.05.06"]
[Round "7.4"]
[White "Steffens, Skrolan"]
[Black "Schroeder, Janina"]
[Result "0-1"]
[WhiteElo "800"]
[BlackElo "1315"]
[PlyCount "110"]
[EventDate "2012.05.04"]
[EventType "team-swiss"]
[EventRounds "7"]
[EventCountry "GER"]
[SourceTitle "EXT 2014"]
[Source "ChessBase"]
[SourceDate "2013.11.20"]
[SourceVersion "1"]
[SourceVersionDate "2013.11.20"]
[SourceQuality "1"]
[WhiteTeam "Stade Athenaeum (W)"]
[BlackTeam "Limburg Mariens (W)"]
[WhiteTeamCountry "GER"]
[BlackTeamCountry "GER"]

1. e4 e5 2. Nf3 Nc6 3. Bc4 Be7 4. 0-0 Nf6 5. Nc3 0-0 6. Re1 d6 7. h3 h6 8. d4 exd4 9. Nxd4 Bd7 10. Bf4 Re8 11. Qd2 Ne5 12. Bb3 Ng6 13. Bh2 c5 14. Nf5 b5 15. Bd5 b4 16. Nxe7+ Nxe7 17. Ne2 Nexd5 18. exd5 Bc8 19. c4 a5 20. b3 Ne4 21. Qc2 Nf6 22. Ng3 Bd7 23. Nf5 Bxf5 24. Qxf5 Qc7 25. Bf4 Rad8 26. h4 Qd7 27. Qxd7 Rxd7 28. Re3 Rdd8 29. Rae1 Kf8 30. f3 Kg8 31. Re7 Kf8 32. Rxe8+ Nxe8 33. Kf2 Rd7 34. g3 Re7 35. g4 Rxe1 36. Kxe1 Ke7 37. Ke2 Kd7 38. Kd3 Ke7 39. Kc2 Kd7 40. Kb2 Ke7 41. a3 Kd7 42. axb4 axb4 43. Kc2 Ke7 44. Kd3 Kd7 45. g5 h5 46. Bg3 g6 47. f4 Ng7 48. Bh2 Nf5 49. Ke2 Nxh4 50. Kf2 Nf5 51. Bg3 Nd4 52. Ke1 Nxb3 53. Kd1 Nd4 54. Kc1 Ke7 55. Kb2 f6 0-1

[Event "GER-chT U18 Girls"]
[Site "Germany"]
[Date "2011.05.15"]
[Round "7.3"]
[White "Steffens, Skrolan"]
[Black "Liedel, Linda"]
[Result "1-0"]
[WhiteElo "1353"]
[BlackElo "898"]
[PlyCount "83"]
[EventDate "2011.05.13"]
[EventType "team-swiss"]
[EventRounds "7"]
[EventCountry "GER"]
[SourceTitle "EXT 2012"]
[Source "ChessBase"]
[SourceDate "2011.11.24"]
[SourceVersion "1"]
[SourceVersionDate "2011.11.24"]
[SourceQuality "1"]
[WhiteTeam "Stade Athenaeum (W)"]
[BlackTeam "Gonsenheim Gymn (W)"]
[WhiteTeamCountry "GER"]
[BlackTeamCountry "GER"]

1. e4 e5 2. Nf3 Nc6 3. Bc4 Nf6 4. d3 Bc5 5. c3 d5 6. exd5 Nxd5 7. 0-0 Bg4 8. Bb5 Qf6 9. Nbd2 0-0 10. Bxc6 bxc6 11. Qa4 Bf5 12. Ne4 Bxe4 13. dxe4 Nb6 14. Qc2 h6 15. b4 Be7 16. a4 c5 17. b5 Nd7 18. Rd1 Rfd8 19. a5 c6 20. c4 Nb8 21. Bb2 Rxd1+ 22. Rxd1 Bd6 23. Qd2 Bc7 24. Qc3 cxb5 25. cxb5 Bd6 26. Nxe5 Bxe5 27. Qxe5 Qxe5 28. Bxe5 a6 29. Rd8+ Kh7 30. Rxb8 Rxb8 31. Bxb8 axb5 32. Bd6 b4 33. Bxc5 b3 34. Ba3 Kg8 35. a6 Kh7 36. a7 b2 37. Bxb2 f6 38. a8Q Kg6 39. Qa7 Kh5 40. Qxg7 f5 41. f3 f4 42. Qg4# 1-0

[Event "GER-chT U18 Girls"]
[Site "Germany"]
[Date "2011.05.13"]
[Round "3.3"]
[White "Steffens, Skrolan"]
[Black "Muenzner, Jasmin"]
[Result "1/2-1/2"]
[WhiteElo "1353"]
[BlackElo "1100"]
[PlyCount "84"]
[EventDate "2011.05.13"]
[EventType "team-swiss"]
[EventRounds "7"]
[EventCountry "GER"]
[SourceTitle "EXT 2012"]
[Source "ChessBase"]
[SourceDate "2011.11.24"]
[SourceVersion "1"]
[SourceVersionDate "2011.11.24"]
[SourceQuality "1"]
[WhiteTeam "Stade Athenaeum (W)"]
[BlackTeam "Aue CWG (W)"]
[WhiteTeamCountry "GER"]
[BlackTeamCountry "GER"]

1. e4 c5 2. Nc3 e6 3. g3 a6 4. Bg2 b5 5. f4 Bb7 6. d3 g6 7. Nf3 Bg7 8. Rb1 Ne7 9. Be3 Qc7 10. Qd2 d5 11. Ne2 dxe4 12. dxe4 Bxe4 13. Nc3 Bb7 14. Rd1 0-0 15. 0-0 Nf5 16. Bf2 Re8 17. Rfe1 c4 18. Ne5 Bxg2 19. Kxg2 Bxe5 20. Rxe5 Nc6 21. Rc5 Qb7 22. Kg1 Rad8 23. Qe1 Rxd1 24. Qxd1 Rd8 25. Qf3 Na5 26. Qxb7 Nxb7 27. Rc7 Nbd6 28. Ra7 Kf8 29. Bc5 Ke8 30. Rxa6 Nb7 31. Bf2 Ne7 32. Rb6 Nd6 33. Bc5 Nef5 34. Nxb5 Nxb5 35. Rxb5 Rd5 36. Ra5 Rd2 37. b4 Rxc2 38. b5 Rb2 39. b6 c3 40. Ra4 Ne7 41. Rc4 Nd5 42. a4 Ra2 1/2-1/2

[Event "GER-chT U18 Girls"]
[Site "Germany"]
[Date "2011.05.13"]
[Round "1.3"]
[White "Steffens, Skrolan"]
[Black "Samohvalov, Annika"]
[Result "1-0"]
[WhiteElo "1353"]
[BlackElo "800"]
[PlyCount "39"]
[EventDate "2011.05.13"]
[EventType "team-swiss"]
[EventRounds "7"]
[EventCountry "GER"]
[SourceTitle "EXT 2012"]
[Source "ChessBase"]
[SourceDate "2011.11.24"]
[SourceVersion "1"]
[SourceVersionDate "2011.11.24"]
[SourceQuality "1"]
[WhiteTeam "Stade Athenaeum (W)"]
[BlackTeam "Carolinum Gymn (W)"]
[WhiteTeamCountry "GER"]
[BlackTeamCountry "GER"]

1. e4 e5 2. Nf3 Nc6 3. Bc4 Bb4 4. c3 Bc5 5. d4 Bb6 6. 0-0 Nf6 7. Bg5 d6 8. Bb5 Be6 9. d5 Bd7 10. dxc6 bxc6 11. Bc4 Qc8 12. Nbd2 0-0 13. Bxf6 gxf6 14. Nh4 Bg4 15. Be2 d5 16. Bxg4 Qb7 17. Bf5 Ba5 18. Qg4+ Kh8 19. Qh5 Qxb2 20. Qxh7# 1-0

[Event "GER-ch Schools U18 Girls"]
[Site "Germany"]
[Date "2010.05.08"]
[Round "4.2"]
[White "Steffens, Skrolan"]
[Black "Mehling, Franziska"]
[Result "0-1"]
[WhiteElo "1162"]
[BlackElo "1477"]
[PlyCount "186"]
[EventDate "2010.05.07"]
[EventType "team-swiss"]
[EventRounds "7"]
[EventCountry "GER"]
[SourceTitle "EXT 2011"]
[Source "ChessBase"]
[SourceDate "2010.11.26"]
[SourceVersion "1"]
[SourceVersionDate "2010.11.26"]
[SourceQuality "1"]
[WhiteTeam "Stade Athenaeum (W)"]
[BlackTeam "Karlstadt JSG (W)"]
[WhiteTeamCountry "GER"]
[BlackTeamCountry "GER"]

1. e4 c5 2. Nc3 a6 3. g3 e6 4. Bg2 b5 5. d3 Bb7 6. Be3 Nf6 7. a3 d5 8. Bg5 Be7 9. e5 Nfd7 10. Bxe7 Qxe7 11. f4 Nc6 12. Nf3 Nb6 13. Qd2 c4 14. d4 b4 15. axb4 Qxb4 16. Rb1 Rb8 17. 0-0 Bc8 18. b3 Qe7 19. Rb2 0-0 20. Rfb1 Bd7 21. b4 Na7 22. Nd1 Nb5 23. c3 Ra8 24. Ra1 Ra7 25. Qc2 Rfa8 26. Ng5 g6 27. Rba2 Qd8 28. Nf2 Be8 29. h4 h6 30. Nf3 Nd7 31. g4 a5 32. f5 axb4 33. Rxa7 Rxa7 34. Rxa7 Nxa7 35. cxb4 Qe7 36. fxe6 Qxe6 37. Bh3 Qb6 38. h5 g5 39. Qf5 Qxb4 40. e6 Nf8 41. exf7+ Bxf7 42. Ne5 Qe7 43. Qxf7+ Qxf7 44. Nxf7 Kxf7 45. Bg2 Ke6 46. Nd1 Nb5 47. Ne3 Nc7 48. Kf2 Nd7 49. Ke2 Nb6 50. Kd2 Na4 51. Kc2 Kd6 52. Nf5+ Kc6 53. Nxh6 Ne6 54. Nf5 Nf4 55. Bf3 Nb6 56. h6 Kd7 57. h7 Ng6 58. Ne3 Ke6 59. Nf5 Kf7 60. Nd6+ Kg7 61. Nf5+ Kxh7 62. Ne3 Ne7 63. Kb2 Kg6 64. Ka3 Kf6 65. Kb4 Ke6 66. Kc5 Na4+ 67. Kb4 Nb2 68. Kb5 Nd3 69. Be2 Nc1 70. Bf3 c3 71. Kc5 Nd3+ 72. Kb5 Ne1 73. Be2 c2 74. Nxc2 Nxc2 75. Bd3 Nxd4+ 76. Kc5 Nf3 77. Be2 Ne5 78. Kd4 N7g6 79. Ke3 Nf4 80. Bd1 Kd6 81. Kd4 Nc6+ 82. Ke3 d4+ 83. Kd2 d3 84. Bf3 Nb4 85. Be4 Kc5 86. Bf5 Kd4 87. Ke1 Kc3 88. Kd1 d2 89. Be4 Nfd5 90. Bf3 Ne3+ 91. Ke2 d1Q+ 92. Kf2 Qf1+ 93. Kg3 Nbd5 0-1

[Event "GER-ch Schools U18 Girls"]
[Site "Germany"]
[Date "2010.05.07"]
[Round "3.2"]
[White "Wolff, Marie Antoinette"]
[Black "Steffens, Skrolan"]
[Result "0-1"]
[WhiteElo "939"]
[BlackElo "1162"]
[PlyCount "86"]
[EventDate "2010.05.07"]
[EventType "team-swiss"]
[EventRounds "7"]
[EventCountry "GER"]
[SourceTitle "EXT 2011"]
[Source "ChessBase"]
[SourceDate "2010.11.26"]
[SourceVersion "1"]
[SourceVersionDate "2010.11.26"]
[SourceQuality "1"]
[WhiteTeam "Leegebruch (W)"]
[BlackTeam "Stade Athenaeum (W)"]
[WhiteTeamCountry "GER"]
[BlackTeamCountry "GER"]

1. e4 g6 2. Nf3 Bg7 3. d4 d6 4. Nc3 a6 5. Bf4 b5 6. g3 Bb7 7. Bg2 Nf6 8. 0-0 Nxe4 9. Nxe4 Bxe4 10. Ng5 Bxg2 11. Kxg2 0-0 12. Qg4 h6 13. Nf3 e6 14. Rad1 Qf6 15. Nh4 g5 16. Be5 dxe5 17. dxe5 Qxe5 18. Nf3 Qf6 19. Rfe1 c5 20. Rd6 Rd8 21. Rxd8+ Qxd8 22. Qh5 Nc6 23. Re3 Nd4 24. Nxd4 Qxd4 25. Rf3 Rf8 26. c3 Qe4 27. h3 f5 28. Kh2 e5 29. Qg6 Qxf3 30. Qe6+ Kh8 31. Kg1 Rd8 32. Qb3 Rd1+ 33. Qxd1 Qxd1+ 34. Kg2 f4 35. gxf4 exf4 36. f3 Qe2+ 37. Kh1 b4 38. Kg1 bxc3 39. bxc3 Bxc3 40. Kh1 Bd4 41. h4 Qf1+ 42. Kh2 Qg1+ 43. Kh3 Qg3# 0-1

[Event "GER-ch Schools U18 Girls"]
[Site "Germany"]
[Date "2009.05.16"]
[Round "3.1"]
[White "Wendt, Anne"]
[Black "Steffens, Skrolan"]
[Result "0-1"]
[WhiteElo "800"]
[BlackElo "1195"]
[PlyCount "70"]
[EventDate "2009.05.16"]
[EventType "team-swiss"]
[EventRounds "7"]
[EventCountry "GER"]
[SourceTitle "EXT 2011"]
[Source "ChessBase"]
[SourceDate "2010.11.26"]
[SourceVersion "1"]
[SourceVersionDate "2010.11.26"]
[SourceQuality "1"]
[WhiteTeam "Neubrandenburg (W)"]
[BlackTeam "Stade Athenaeum (W)"]
[WhiteTeamCountry "GER"]
[BlackTeamCountry "GER"]

1. e4 g6 2. d4 Bg7 3. Nf3 d6 4. Bc4 a6 5. Be3 e6 6. Nc3 b5 7. Bb3 Bb7 8. d5 exd5 9. exd5 Nf6 10. Bg5 0-0 11. Qd4 Nbd7 12. 0-0-0 Re8 13. Rhe1 Rxe1 14. Rxe1 Qf8 15. Qh4 Re8 16. Ne4 Nxe4 17. Rxe4 Rxe4 18. Qxe4 Nc5 19. Qh4 Nxb3+ 20. axb3 Bxd5 21. Be7 Qe8 22. Ng5 Qxe7 23. Qxh7+ Kf8 24. Nf3 Bxf3 25. Kb1 Qe1+ 26. Ka2 Qc1 27. c3 b4 28. gxf3 bxc3 29. bxc3 Bxc3 30. Qh6+ Qxh6 31. Ka3 Qf4 32. h4 Qb4+ 33. Ka2 c5 34. h5 c4 35. h6 Qxb3# 0-1

[Event "Niedersachsen-ch Girls"]
[Site "Rotenburg"]
[Date "2009.04.09"]
[Round "8"]
[White "Steffens, Skrolan"]
[Black "Kolbach, Juliane"]
[Result "0-1"]
[WhiteElo "1194"]
[BlackElo "1161"]
[PlyCount "102"]
[EventDate "2009.04.04"]
[EventType "swiss"]
[EventRounds "9"]
[EventCountry "GER"]
[SourceTitle "EXT 2010"]
[Source "ChessBase"]
[SourceDate "2010.11.25"]
[SourceVersion "1"]
[SourceVersionDate "2010.11.25"]
[SourceQuality "1"]

1. e4 e6 2. Nf3 d5 3. exd5 exd5 4. d4 Bd6 5. Be2 Nf6 6. Bg5 Bg4 7. Nc3 c6 8. Qd2 0-0 9. a3 Nbd7 10. 0-0-0 h6 11. Be3 a5 12. h3 Bf5 13. g4 Be4 14. Nxe4 Nxe4 15. Qe1 b5 16. Nd2 Ndf6 17. f3 Ng3 18. Rg1 Qb8 19. Nb1 Bf4 20. Bd2 a4 21. Bxf4 Qxf4+ 22. Rd2 Nxe2+ 23. Qxe2 Rfe8 24. Qg2 Re3 25. g5 Rae8 26. Nc3 hxg5 27. Qxg5 Qxg5 28. Rxg5 Rxf3 29. h4 Rh3 30. Rdg2 g6 31. Rf2 Rh1+ 32. Kd2 Ne4+ 33. Nxe4 Rxe4 34. c3 Rhxh4 35. Rgg2 Rhf4 36. Rxf4 Rxf4 37. Re2 Re4 38. Rg2 Kg7 39. Kc2 f5 40. Rg1 Kf6 41. Rb1 f4 42. b3 g5 43. bxa4 bxa4 44. Rb4 f3 45. Rxa4 Re8 46. Rb4 f2 47. Rb1 Re1 48. Rb8 Rc1+ 49. Kd2 f1Q 50. Rf8+ Ke6 51. Rxf1 Rxf1 0-1

[Event "Niedersachsen-ch Girls"]
[Site "Rotenburg"]
[Date "2009.04.07"]
[Round "6"]
[White "Fenske, Gloria"]
[Black "Steffens, Skrolan"]
[Result "1/2-1/2"]
[WhiteElo "1209"]
[BlackElo "1194"]
[PlyCount "53"]
[EventDate "2009.04.04"]
[EventType "swiss"]
[EventRounds "9"]
[EventCountry "GER"]
[SourceTitle "EXT 2010"]
[Source "ChessBase"]
[SourceDate "2010.11.25"]
[SourceVersion "1"]
[SourceVersionDate "2010.11.25"]
[SourceQuality "1"]

1. d4 g6 2. e4 Bg7 3. Nc3 d6 4. Bc4 e6 5. Be3 a6 6. Nge2 b5 7. Bb3 Bb7 8. f3 Nd7 9. Qd2 c5 10. dxc5 dxc5 11. a3 c4 12. Ba2 Ndf6 13. 0-0-0 Qxd2+ 14. Rxd2 Ne7 15. Rhd1 e5 16. g4 Bc6 17. Bc5 Bh6 18. f4 exf4 19. Rg1 Nxe4 20. Nxe4 Bxe4 21. g5 Bg7 22. Nxf4 Rc8 23. Bb4 Rc7 24. Re1 Bc6 25. Rde2 Bf8 26. Bc3 Rg8 27. b3 1/2-1/2

[Event "Niedersachsen-ch Girls"]
[Site "Rotenburg"]
[Date "2009.04.07"]
[Round "5"]
[White "Steffens, Skrolan"]
[Black "Kuschnerus, Tessa"]
[Result "1-0"]
[WhiteElo "1194"]
[BlackElo "1166"]
[PlyCount "63"]
[EventDate "2009.04.04"]
[EventType "swiss"]
[EventRounds "9"]
[EventCountry "GER"]
[SourceTitle "EXT 2010"]
[Source "ChessBase"]
[SourceDate "2010.11.25"]
[SourceVersion "1"]
[SourceVersionDate "2010.11.25"]
[SourceQuality "1"]

1. e4 e5 2. Nf3 Nc6 3. Bc4 Bc5 4. c3 Nf6 5. d4 exd4 6. cxd4 Bb4+ 7. Bd2 Nxe4 8. Bxb4 Nxb4 9. Bxf7+ Kxf7 10. Qb3+ d5 11. Qxb4 Re8 12. 0-0 Qd6 13. Qb3 Kg8 14. Re1 b6 15. Nc3 c6 16. Nxe4 Qg6 17. Ng3 Be6 18. Ne5 Qg5 19. Nxc6 Qg6 20. Nb4 Rad8 21. Nd3 Rf8 22. Qc3 Qf6 23. f3 Rc8 24. Qa3 Qxd4+ 25. Kh1 Rce8 26. Ne2 Qf6 27. Qxa7 Bh3 28. Nef4 Bxg2+ 29. Nxg2 Qxf3 30. Rxe8 Rxe8 31. Ne5 Rxe5 32. Qb8+ 1-0

[Event "Niedersachsen-ch Girls"]
[Site "Rotenburg"]
[Date "2009.04.05"]
[Round "3"]
[White "Steffens, Skrolan"]
[Black "Flauss, Jessica"]
[Result "1/2-1/2"]
[WhiteElo "1194"]
[BlackElo "1601"]
[PlyCount "154"]
[EventDate "2009.04.04"]
[EventType "swiss"]
[EventRounds "9"]
[EventCountry "GER"]
[SourceTitle "EXT 2010"]
[Source "ChessBase"]
[SourceDate "2010.11.25"]
[SourceVersion "1"]
[SourceVersionDate "2010.11.25"]
[SourceQuality "1"]

1. e4 e6 2. Nf3 d5 3. exd5 exd5 4. d4 Bd6 5. g3 Ne7 6. Bg2 Nbc6 7. Be3 Bf5 8. Qd2 Qd7 9. Nc3 0-0-0 10. 0-0-0 Nb4 11. Ne1 c6 12. a3 Na6 13. Nf3 Bc7 14. Ne2 Ng6 15. Nf4 Bd6 16. Nxg6 hxg6 17. Qc3 Kb8 18. Bf1 Nc7 19. Bd2 Be4 20. h4 Rc8 21. Be2 Nb5 22. Qe3 Rhe8 23. Bd3 Nxd4 24. Bxe4 Rxe4 25. Qd3 Nxf3 26. Qxf3 Qc7 27. Qb3 Ka8 28. Rhe1 Rce8 29. Rxe4 Rxe4 30. Kb1 Re2 31. Be3 Qe7 32. Qd3 Rxe3 33. Qxe3 Qxe3 34. fxe3 Bxg3 35. Rf1 f6 36. Rh1 a6 37. Rg1 Bxh4 38. Rxg6 Bg5 39. Rxg7 Bxe3 40. Rf7 Bd4 41. c3 Be5 42. Kc2 b5 43. b3 Kb8 44. Kd3 c5 45. Rd7 d4 46. c4 bxc4+ 47. Kxc4 Kc8 48. Ra7 Kd8 49. Rxa6 Kd7 50. Rb6 f5 51. a4 f4 52. Rb7+ Ke6 53. Rh7 f3 54. Rh1 f2 55. a5 Bh2 56. Rd1 Bc7 57. a6 Ba5 58. a7 Be1 59. a8Q f1Q+ 60. Rd3 Bb4 61. Qd5+ Ke7 62. Qg5+ Kd7 63. Qg4+ Kc7 64. Qf3 Qxf3 65. Rxf3 Kd6 66. Rf2 Ke5 67. Re2+ Kd6 68. Re4 Kd7 69. Kd5 d3 70. Re3 d2 71. Rd3 Kc7 72. Ke4 Kb6 73. Ke3 Kb5 74. Rxd2 Bxd2+ 75. Kxd2 Kb4 76. Kc2 c4 77. bxc4 Kxc4 1/2-1/2

[Event "Niedersachsen-ch op"]
[Site "Verden"]
[Date "2009.01.04"]
[Round "3"]
[White "Genath, Maren"]
[Black "Steffens, Skrolan"]
[Result "1/2-1/2"]
[WhiteElo "835"]
[BlackElo "1165"]
[PlyCount "72"]
[EventDate "2009.01.03"]
[EventType "swiss"]
[EventRounds "7"]
[EventCountry "GER"]
[SourceTitle "EXT 2012"]
[Source "ChessBase"]
[SourceDate "2011.11.24"]
[SourceVersion "1"]
[SourceVersionDate "2011.11.24"]
[SourceQuality "1"]

1. e4 g6 2. Nf3 Bg7 3. Bc4 d6 4. d4 a6 5. Ng5 e6 6. Nc3 b5 7. Bb3 h6 8. Nf3 Nd7 9. d5 e5 10. a4 b4 11. Ne2 a5 12. c3 Bb7 13. cxb4 axb4 14. Bd2 c5 15. dxc6 Bxc6 16. Bxb4 Bxe4 17. Bd5 Bxd5 18. Qxd5 Ndf6 19. Qb5+ Qd7 20. Qxd7+ Kxd7 21. Kd2 Nd5 22. Bc3 Nxc3 23. Kxc3 e4+ 24. Nfd4 Rc8+ 25. Kb4 d5 26. Rhc1 Ne7 27. a5 Rb8+ 28. Ka4 Rxb2 29. Rab1 Ra2+ 30. Kb5 Rb8+ 31. Ka6 Ra8+ 32. Kb6 Nc8+ 33. Kb7 R2xa5 34. Rc7+ Kd6 35. Rxc8 R8a7+ 36. Kb6 R7a6+ 1/2-1/2

[Event "Niedersachsen-ch op"]
[Site "Verden"]
[Date "2009.01.03"]
[Round "1"]
[White "Suendorf, Dominik"]
[Black "Steffens, Skrolan"]
[Result "1-0"]
[WhiteElo "1702"]
[BlackElo "1165"]
[PlyCount "119"]
[EventDate "2009.01.03"]
[EventType "swiss"]
[EventRounds "7"]
[EventCountry "GER"]
[SourceTitle "EXT 2012"]
[Source "ChessBase"]
[SourceDate "2011.11.24"]
[SourceVersion "1"]
[SourceVersionDate "2011.11.24"]
[SourceQuality "1"]

1. e4 g6 2. d4 Bg7 3. Nf3 d6 4. Nc3 a6 5. Bc4 b5 6. Bb3 Bb7 7. Be3 Nf6 8. d5 Nbd7 9. Bd4 c5 10. dxc6 Bxc6 11. Ng5 0-0 12. f3 e6 13. h4 Nc5 14. g4 Nxb3 15. axb3 e5 16. Be3 Nd7 17. Qxd6 Bb7 18. 0-0-0 Nf6 19. h5 Qxd6 20. Rxd6 Rad8 21. Rxd8 Rxd8 22. hxg6 hxg6 23. Bb6 Rd7 24. Nh3 Nh7 25. Rd1 Bh6+ 26. Kb1 Rxd1+ 27. Nxd1 Ng5 28. Nxg5 Bxg5 29. Nf2 Kg7 30. Nd3 Kf6 31. Bd8+ Kg7 32. Bxg5 f6 33. Nc5 Bc8 34. Be3 f5 35. gxf5 gxf5 36. c4 f4 37. Bd2 Kg6 38. Bc3 Kg5 39. Bxe5 Bh3 40. Nd3 Bg2 41. Bxf4+ Kf6 42. Ne1 Bf1 43. c5 Ke6 44. Kc2 Kd7 45. Kc3 Kc6 46. Kd4 Be2 47. b4 Bc4 48. Bd6 Kd7 49. f4 Ke6 50. f5+ Kf6 51. Be5+ Ke7 52. Nf3 Bf7 53. c6 Be8 54. Kc5 Kd8 55. f6 Bf7 56. Ng5 Bg6 57. f7 Ke7 58. c7 Bxf7 59. Nxf7 Kxf7 60. c8Q 1-0

[Event "Niedersachsen-chT U14"]
[Site "Verden an der Aller"]
[Date "2008.05.02"]
[Round "3.2"]
[White "Lindner, Robert"]
[Black "Steffens, Skrolan"]
[Result "1-0"]
[WhiteElo "1408"]
[BlackElo "1079"]
[PlyCount "45"]
[EventDate "2008.05.01"]
[EventType "team"]
[EventRounds "7"]
[EventCountry "GER"]
[SourceTitle "EXT 2009"]
[Source "ChessBase"]
[SourceDate "2008.11.26"]
[SourceVersion "1"]
[SourceVersionDate "2008.11.26"]
[SourceQuality "1"]

1. e4 d5 2. exd5 Qxd5 3. Nc3 Qa5 4. Bc4 Nf6 5. d3 c6 6. Bd2 Qc7 7. Nge2 Bf5 8. 0-0 e6 9. Ng3 Bg6 10. f4 Bc5+ 11. Kh1 0-0 12. Nce4 Nxe4 13. dxe4 h6 14. f5 exf5 15. exf5 Bh7 16. Nh5 Bd6 17. Qg4 Be5 18. Bxh6 Qd7 19. Bxg7 Rc8 20. Bf6+ Kf8 21. Qg7+ Ke8 22. Qh8+ Bg8 23. Qxg8# 1-0

[Event "Niedersachsen-ch U12/14 Girls"]
[Site "Rotenburg"]
[Date "2008.03.20"]
[Round "6"]
[White "Steffens, Skrolan"]
[Black "Hiniborch, Julia"]
[Result "1/2-1/2"]
[WhiteElo "1051"]
[BlackElo "924"]
[PlyCount "122"]
[EventDate "2008.03.15"]
[EventType "swiss"]
[EventRounds "7"]
[EventCountry "GER"]
[SourceTitle "EXT 2009"]
[Source "ChessBase"]
[SourceDate "2008.11.26"]
[SourceVersion "1"]
[SourceVersionDate "2008.11.26"]
[SourceQuality "1"]

1. e4 c5 2. Nf3 e6 3. Nc3 a6 4. d4 cxd4 5. Nxd4 d6 6. Nf3 Be7 7. Be2 b6 8. 0-0 Bb7 9. Re1 Nd7 10. b3 Qc7 11. Bb2 Ngf6 12. Bd3 0-0 13. Qd2 Rad8 14. Rad1 Rfe8 15. Qe2 Bf8 16. a4 Ra8 17. Qd2 Rad8 18. Na2 g6 19. e5 Ng4 20. Qc3 Qxc3 21. Bxc3 Bxf3 22. gxf3 Ngxe5 23. Bxe5 Nxe5 24. Kg2 a5 25. Bb5 Re7 26. c4 Rc7 27. Nc3 Be7 28. Re2 Nc6 29. Kg3 Nb4 30. Rdd2 d5 31. Kg2 d4 32. Nb1 d3 33. Re4 Rd6 34. Kg3 f5 35. Re3 Kf7 36. f4 g5 37. fxg5 Bxg5 38. f4 Be7 39. Nc3 Rc8 40. Nd1 Rcd8 41. Nf2 Kg6 42. h3 Kh5 43. Kg2 Rd4 44. Kg3 Bh4+ 45. Kf3 Rg8 46. Nh1 Rg1 47. Be8+ Kh6 48. Rxe6+ Kg7 49. Rg2+ Rxg2 50. Kxg2 d2 51. Bh5 d1Q 52. Bxd1 Rxd1 53. Rxb6 Rc1 54. Rb5 Bd8 55. Rxf5 Kg6 56. Re5 Nd3 57. Re6+ Kf5 58. Rd6 Nxf4+ 59. Kh2 Bc7 60. Rd7 Ne6+ 61. Kg2 Rc3 1/2-1/2

[Event "Niedersachsen-ch U12/14 Girls"]
[Site "Rotenburg"]
[Date "2008.03.17"]
[Round "3"]
[White "Kolbach, Juliane"]
[Black "Steffens, Skrolan"]
[Result "0-1"]
[WhiteElo "1121"]
[BlackElo "1051"]
[PlyCount "138"]
[EventDate "2008.03.15"]
[EventType "swiss"]
[EventRounds "7"]
[EventCountry "GER"]
[SourceTitle "EXT 2009"]
[Source "ChessBase"]
[SourceDate "2008.11.26"]
[SourceVersion "1"]
[SourceVersionDate "2008.11.26"]
[SourceQuality "1"]

1. d4 d6 2. e3 g6 3. Nf3 Nf6 4. Nc3 Bg7 5. Bc4 0-0 6. Bd2 Bf5 7. h3 Ne4 8. g4 Nxc3 9. Bxc3 Be4 10. Qe2 c6 11. Rg1 b5 12. Ng5 bxc4 13. Nxe4 d5 14. Nd2 e6 15. 0-0-0 a5 16. f4 Na6 17. Rh1 Nb4 18. Bxb4 axb4 19. Rdg1 Rxa2 20. h4 c3 21. Nb3 Rxb2 22. h5 Qa8 23. hxg6 Qa2 24. Kd1 Rb1+ 25. Nc1 Qa1 26. Ke1 Rxc1+ 27. Kf2 Rxg1 28. Rxg1 Qa7 29. Kf3 fxg6 30. Rh1 h6 31. Qd3 Qf7 32. Ke2 Kh7 33. Kd1 Qa7 34. Ke2 c5 35. dxc5 Qxc5 36. Kf3 e5 37. Kg3 exf4+ 38. exf4 Qd6 39. Rf1 d4 40. Rf2 Re8 41. Rf3 Qc7 42. Kh4 Qe7+ 43. Kh3 Qf6 44. Qb5 Re3 45. Rxe3 dxe3 46. Qd5 Qxf4 47. Qd1 Qf2 48. g5 h5 49. Qxh5+ Kg8 50. Qxg6 e2 51. Qe6+ Kh7 52. Qe4+ Kh8 53. Qe8+ Qf8 54. Qxe2 Qf5+ 55. Kh4 Be5 56. Qh5+ Qh7 57. Qxh7+ Kxh7 58. Kg4 b3 59. Kf5 Bg7 60. Ke6 bxc2 61. Kf7 c1Q 62. g6+ Kh6 63. Kg8 Qg5 64. Kf7 Qxg6+ 65. Ke7 c2 66. Kd8 c1R 67. Kd7 Ra1 68. Kd8 Ra7 69. Kc8 Qe8# 0-1

[Event "Niedersachsen-ch U12/14 Girls"]
[Site "Rotenburg"]
[Date "2008.03.16"]
[Round "2"]
[White "Steffens, Skrolan"]
[Black "Edel, Fenja"]
[Result "1-0"]
[WhiteElo "1051"]
[BlackElo "781"]
[PlyCount "101"]
[EventDate "2008.03.15"]
[EventType "swiss"]
[EventRounds "7"]
[EventCountry "GER"]
[SourceTitle "EXT 2009"]
[Source "ChessBase"]
[SourceDate "2008.11.26"]
[SourceVersion "1"]
[SourceVersionDate "2008.11.26"]
[SourceQuality "1"]

1. e4 e6 2. d4 d5 3. exd5 exd5 4. Nf3 Nf6 5. Be2 c5 6. c3 c4 7. 0-0 Bd6 8. Re1 0-0 9. Bg5 h6 10. Bh4 Bg4 11. h3 Bxf3 12. Bxf3 Qb6 13. b3 cxb3 14. Qxb3 Qxb3 15. axb3 Nc6 16. Bxf6 gxf6 17. Bxd5 Rae8 18. Nd2 Ba3 19. Rxe8 Rxe8 20. Rxa3 Re1+ 21. Kh2 Re2 22. Bxc6 bxc6 23. Nf3 Rxf2 24. Rxa7 Rc2 25. c4 Rb2 26. Rb7 Kf8 27. Rb6 Ke7 28. Rxc6 Rxb3 29. Kg3 Rc3 30. Kf4 Kd7 31. Rc5 Kd6 32. Kf5 Rd3 33. Kxf6 Rxd4 34. Nxd4 Kxc5 35. Nf5 Kxc4 36. Nxh6 Kd3 37. g4 Ke4 38. h4 Kf4 39. h5 Kg3 40. Kxf7 Kh4 41. Kf6 Kh3 42. g5 Kh4 43. g6 Kxh5 44. g7 Kxh6 45. Kf7 Kh7 46. g8R Kh6 47. Kf6 Kh7 48. Rg6 Kh8 49. Ke7 Kh7 50. Kf7 Kh8 51. Rh6# 1-0

[Event "GER-chT U14 Girls"]
[Site "Stuttgart"]
[Date "2007.12.30"]
[Round "7.2"]
[White "Sturm, Johanna"]
[Black "Steffens, Skrolan"]
[Result "1-0"]
[WhiteElo "1144"]
[BlackElo "959"]
[PlyCount "55"]
[EventDate "2007.12.27"]
[EventType "team-swiss"]
[EventRounds "7"]
[EventCountry "GER"]
[SourceTitle "EXT 2009"]
[Source "ChessBase"]
[SourceDate "2008.11.26"]
[SourceVersion "1"]
[SourceVersionDate "2008.11.26"]
[SourceQuality "1"]
[WhiteTeam "Fritzdorf Gruen Weiss U14 Girls"]
[BlackTeam "Stader SV U14 Girls"]
[WhiteTeamCountry "GER"]
[BlackTeamCountry "GER"]

1. e4 d5 2. exd5 Qxd5 3. Nc3 Qa5 4. Nf3 Nf6 5. d3 Bg4 6. Bd2 c6 7. Ne4 Qc7 8. Nxf6+ exf6 9. Be2 Bd6 10. Nh4 Bxe2 11. Qxe2+ Qe7 12. Qxe7+ Bxe7 13. Nf5 Bf8 14. 0-0 g6 15. Rfe1+ Kd7 16. Ng3 Bg7 17. Bc3 Kd8 18. Ne4 Nd7 19. Nd6 Kc7 20. Nxf7 Rhf8 21. Re7 Rae8 22. Rae1 Rxe7 23. Rxe7 c5 24. g3 b6 25. Bd2 f5 26. Bf4+ Kc6 27. Re6+ Kd5 28. Rd6# 1-0